| Поле | Инд. | ПП | Название | Значение |
|---|---|---|---|---|
| Тип записи | a | |||
| Библиографический уровень | m | |||
| 001 | Контрольный номер | RU/IS/BASE/262113944 | ||
| 005 | Дата корректировки | 20250404130217.6 | ||
| 008 | Кодируемые данные | 19950523 | ||
| 040 | 00 | e | Правила каталог. | Люда 950523 |
| 084 | a | Индекс другой классификации/Индекс ББК | 85.113(4Вел-2Лондон); 85.103(4Вел)-69; 85.101.3(4Вел-2Лондон) | |
| 090 | 00 | a | Полочн. индекс | 85.113(4Вел-2Лондон) |
| x | Авторский знак | В 752 | ||
| 097 | 00 | a | 300 | |
| 100 | 10 | a | Автор | Воронихина Л. Н. |
| q | Полное имя | Воронихина Людмила Николаевна | ||
| 245 | 00 | a | Заглавие | Лондон |
| 260 | 00 | a | Место издания | Ленинград |
| b | Издательство | Искусство | ||
| c | Дата издания | 1969 | ||
| 300 | 00 | a | Объем | 246 с. |
| b | Иллюстрации/ тип воспроизводства | ил. | ||
| 336 | a | Термин вида содержания | Текст | |
| 337 | a | Термин типа средства | непосредственный | |
| 440 | 00 | a | Серия | Города и музеи мира |
| 650 | a | Основная рубрика | архитектура | |
| a | Основная рубрика | изобразительное искусство | ||
| a | Основная рубрика | искусство | ||
| a | Основная рубрика | история архитектуры | ||
| a | Основная рубрика | художественные собрания | ||
| 653 | 00 | a | Ключевые слова | Великобритания |
| a | Ключевые слова | города-музеи | ||
| a | Ключевые слова | живопись | ||
| a | Ключевые слова | Лондон | ||
| a | Ключевые слова | скульптура | ||
| a | Ключевые слова | художественное творчество | ||
| a | Ключевые слова | художественные коллекции | ||
| a | Ключевые слова | художественные музеи | ||
| 901 | t | Тип документа | m | |
| 952 | a | Тип литературы для КСУ ВШ | ИЗО |